A grammar of politics / (Record no. 8969)
[ view plain ]
| 000 -LEADER | |
|---|---|
| fixed length control field | 00964cam a22003011 4500 |
| 001 - CONTROL NUMBER | |
| JCCL Control Number | 8969 |
| 003 - CONTROL NUMBER IDENTIFIER | |
| JCCL marc code | BD-JhCC |
| 005 - DATE AND TIME OF LATEST TRANSACTION | |
| control field | 20180718202301.0 |
| 008 - FIXED-LENGTH DATA ELEMENTS--GENERAL INFORMATION | |
| fixed length control field | 781127s1931 ctu 001 0 eng |
| 035 ## - SYSTEM CONTROL NUMBER | |
| system control number | (BD-JhCC)8969 |
| 040 ## - CATALOGING SOURCE | |
| Original cataloging agency | DLC |
| Transcribing agency | MeLB |
| Modifying agency | OCoLC |
| -- | DLC |
| -- | BD-JhCC |
| 041 ## - LANGUAGE CODE | |
| Language code of Book | eng |
| 050 00 - LIBRARY OF CONGRESS CALL NUMBER | |
| Classification number | JC257 |
| Item number | .L3 1931 |
| 082 ## - DEWEY DECIMAL CLASSIFICATION NUMBER | |
| Classification number | 320.1 |
| Author mark and Year | LAS 1931 |
| 100 1# - MAIN ENTRY--PERSONAL NAME | |
| Personal name | Laski, Harold Joseph, |
| Dates associated with a name | 1893-1950. |
| 245 12 - TITLE STATEMENT | |
| Title | A grammar of politics / |
| Statement of responsibility, etc | by Harold J. Laski. |
| 260 ## - PUBLICATION, DISTRIBUTION, ETC. (IMPRINT) | |
| Place of publication, distribution, etc | New Haven, |
| Name of publisher, distributor, etc | Yale University Press |
| Date of publication, distribution, etc | [1931] |
| 300 ## - PHYSICAL DESCRIPTION | |
| Pagination | 672 p. |
| Dimensions | 23 cm. |
| 500 ## - GENERAL NOTE | |
| General note | "Fifth impression (second edition) April 1931." |
| 500 ## - GENERAL NOTE | |
| General note | Supplements the author's The problem of sovereignty, Authority in the modern state and The foundations of sovereignty. cf. Pref. |
| 650 #0 - SUBJECT ADDED ENTRY--TOPICAL TERM | |
| Topical term or geographic name as entry element | Political science. |
| 650 #0 - SUBJECT ADDED ENTRY--TOPICAL TERM | |
| Topical term or geographic name as entry element | State, The. |
| 650 #0 - SUBJECT ADDED ENTRY--TOPICAL TERM | |
| Topical term or geographic name as entry element | Sovereignty. |
| 650 #0 - SUBJECT ADDED ENTRY--TOPICAL TERM | |
| Topical term or geographic name as entry element | Industrial policy. |
| 650 #0 - SUBJECT ADDED ENTRY--TOPICAL TERM | |
| Topical term or geographic name as entry element | International law and relations. |
| 942 ## - ADDED ENTRY ELEMENTS (KOHA) | |
| Source of classification or shelving scheme | Dewey Decimal Classification |
| Koha item type | Books |
| Source of classification or shelving scheme | Damaged status | Not for loan | Home library | Current library | Shelving location | Total Checkouts | Full call number | Barcode | Date last seen | Copy number | Koha item type |
|---|---|---|---|---|---|---|---|---|---|---|---|
| Dewey Decimal Classification | JCC Rouf Library | JCC Rouf Library | General Stacks | 320.1 LAS 1931 | 11985 | 03/06/2018 | C - 1 | Books |